000 00434cam a2200169ua 4500
003 OSt
008 250802b |||||||| |||| 00| 0 eng d
020 _a81-224-0384-0
041 _aeng
082 _a551.55
_bSIK/PH
100 _aSikka, D R .
_97674
245 _aPhysical process in atmospheric models /
260 _aNew Delhi :
_bWiley Eastern Ltd ,
_c1992.
300 _a586 ; .
700 1 _aSingh, S S .
_92015
942 _cBK
999 _c9853
_d9853